Impressionist art : (Record no. 608358)

000 -LEADER
fixed length control field 01296cam a22003494a 4500
001 - CONTROL NUMBER
control field 12345483
003 - CONTROL NUMBER IDENTIFIER
control field OSt
005 - DATE AND TIME OF LATEST TRANSACTION
control field 20240227133043.0
008 - FIXED-LENGTH DATA ELEMENTS--GENERAL INFORMATION
fixed length control field 010313s2001 nyua 001 0 eng
010 ## - LIBRARY OF CONGRESS CONTROL NUMBER
LC control number 2001088650
020 ## - INTERNATIONAL STANDARD BOOK NUMBER
International Standard Book Number 0823009882
020 ## - INTERNATIONAL STANDARD BOOK NUMBER
International Standard Book Number 9781856058094
040 ## - CATALOGING SOURCE
Original cataloging agency DLC
Transcribing agency DLC
Modifying agency DLC
042 ## - AUTHENTICATION CODE
Authentication code pcc
043 ## - GEOGRAPHIC AREA CODE
Geographic area code e-fr---
050 00 - LIBRARY OF CONGRESS CALL NUMBER
Classification number ND547.5.I4
Item number B69 2001
082 ## - DEWEY DECIMAL CLASSIFICATION NUMBER
Classification number 759.054
Author Mark BOY 2001
100 1# - MAIN ENTRY--PERSONAL NAME
Personal name Boyle, David,
Dates associated with a name 1958-
9 (RLIN) 121534
245 10 - TITLE STATEMENT
Title Impressionist art :
Remainder of title a crash course /
Statement of responsibility, etc. David Boyle.
260 ## - PUBLICATION, DISTRIBUTION, ETC.
Place of publication, distribution, etc. New York :
Name of publisher, distributor, etc. Watson-Guptill Publications,
Date of publication, distribution, etc. 2001.
300 ## - PHYSICAL DESCRIPTION
Extent 143 p. :
Other physical details col. ill. ;
Dimensions 19 cm.
500 ## - GENERAL NOTE
General note Includes index.
650 #0 - SUBJECT ADDED ENTRY--TOPICAL TERM
Topical term or geographic name entry element Impressionism (Art)
Geographic subdivision France.
9 (RLIN) 24138
650 #0 - SUBJECT ADDED ENTRY--TOPICAL TERM
Topical term or geographic name entry element Painting, French
Chronological subdivision 19th century.
9 (RLIN) 121410
650 #0 - SUBJECT ADDED ENTRY--TOPICAL TERM
Topical term or geographic name entry element Post-Impressionism (Art)
9 (RLIN) 121535
856 42 - ELECTRONIC LOCATION AND ACCESS
Materials specified Contributor biographical information
Uniform Resource Identifier <a href="http://www.loc.gov/catdir/enhancements/fy0908/2001088650-b.html">http://www.loc.gov/catdir/enhancements/fy0908/2001088650-b.html</a>
856 42 - ELECTRONIC LOCATION AND ACCESS
Materials specified Publisher description
Uniform Resource Identifier <a href="http://www.loc.gov/catdir/enhancements/fy0908/2001088650-d.html">http://www.loc.gov/catdir/enhancements/fy0908/2001088650-d.html</a>
906 ## - LOCAL DATA ELEMENT F, LDF (RLIN)
a 7
b cbc
c orignew
d 2
e epcn
f 20
g y-gencatlg
942 ## - ADDED ENTRY ELEMENTS (KOHA)
Source of classification or shelving scheme
Koha item type Book
Institution code [OBSOLETE] SADA
Call number prefix 759.054 BOY 2001
Holdings
Withdrawn status Lost status Source of classification or shelving scheme Damaged status Not for loan Permanent Location Current Location Date acquired Source of acquisition Total Checkouts Full call number Barcode Date last seen Price effective from Koha item type
          School of Art Design and Architecture (SADA) School of Art Design and Architecture (SADA) 05/09/2019 Donation   759.054 BOY 2001 SADAD0000435 02/27/2024 02/27/2024 Book
© 2023 Central Library, National University of Sciences and Technology. All Rights Reserved.